000 00984aam a2200325 i 4500
001 768714001
003 CO-MdFUSB
005 20250521083347.0
007 ta
008 250520t1988 sp ||||| |||| 00| 0 spa d
020 _a84-7228-694-0
040 _cCO-MdFUSB
041 0 _aspa
082 0 4 _a248.4
_223
_bD6351e
100 1 _aDobson, James C. (1936-)
_eautor
240 _aEmotions. Can you trust them?
245 1 0 _aEmociones :
_b¿puede confiar en ellas?
_c/ James Dobson ; traducido por Samuel Vila
264 1 _bClie,
_aTerrassa, Barcelona, España: CLIE
_c[1988]
264 4 _c©1988
300 _a147 páginas
336 _atexto
_btxt
_2rdacontent
337 _2rdamedia
_asin mediación
_bn
338 _2rdacarrier
_avolumen
_bnc
563 _aRústico
650 1 0 _aVida cristiana
_919
650 1 7 _aÉxito
_xAspectos religiosos
_xCristianismo
_2embne
_97320
700 _aVila, Samuel,
_92027
_etraductor
942 _cBK
945 _aElías Tolentino
999 _c35782
_d35782